| 000 | 01782cam a2200349 a 4500 | ||
|---|---|---|---|
| 001 | ca 09002872 | ||
| 003 | DLC | ||
| 005 | 20260227111049.0 | ||
| 008 | 980924s1797 nyu 000 0 eng | ||
| 010 | _aca 09002872 | ||
| 040 |
_aDLC _cDLC _edcrb |
||
| 043 | _an-us-ny | ||
| 050 | 0 | 0 |
_aKFX2048.5 _b.M58 |
| 051 |
_aAC901 _b.H3 vol. 85, no. 8 |
||
| 100 | 1 |
_aMitchill, Samuel L. _q(Samuel Latham), _d1764-1831. |
|
| 245 | 1 | 4 |
_aThe case of the manufacturers of soap & candles, in the city of New-York, stated and examined : _bto which are prefixed, the laws of the state of New-York, concerning infectious diseases : with an addition, in form of an appendix, containing, several documents and papers, relative to these subjects : published by the Association of Tallow Chandlers and Soap Makers. |
| 260 |
_aNew-York : _bPrinted by John Buel, for the Association, _c1797. |
||
| 300 |
_a62, [2] p. (last leaf blank) ; _c21 cm. (8vo) |
||
| 500 | _aAttributed to Samuel Latham Mitchill. Cf. Hall, C.R. A scientist in the early republic, 1934, p. [141]. | ||
| 500 | _aSignatures: [A]⁴ B-H⁴. | ||
| 510 | 4 |
_aEvans _c32564 |
|
| 510 | 4 |
_aAustin, R.B. Early Amer. medical imprints, _c90 |
|
| 650 | 0 |
_aPublic health laws _zNew York (State) _zNew York. |
|
| 650 | 0 |
_aCandlemaking _zNew York (State) _zNew York. |
|
| 650 | 0 |
_aSoap trade _zNew York (State) _zNew York. |
|
| 650 | 0 |
_aCommunicable diseases _xPrevention. |
|
| 650 | 0 |
_aCommunicable diseases _zNew York (State) _zNew York. |
|
| 710 | 2 | _aAssociation of Tallow Chandlers and Soap Makers (New York, N.Y.) | |
| 710 | 2 |
_aJoseph Meredith Toner Collection (Library of Congress) _5DLC |
|
| 710 | 2 |
_aAmerican Imprint Collection (Library of Congress) _5DLC |
|
| 710 | 2 |
_aEbenezer Hazard Pamphlet Collection (Library of Congress) _5DLC |
|
| 999 |
_c13940 _d13940 |
||